000 00384 a2200145 4500
001 168033
020 _a
040 _cMagnum
100 _aRomesin, Humberto Maturana
240 1 0 _aDe maquinas e seres vivos: autopoiese - a organizacao do vivo
_lpor
245 1 0 _aDe maquinas e seres vivos: autopoiese - a organizacao do vivo
362 0 _a1899
697 _aENSINO
942 _cBK
999 _c168033
_d168033